000 00686cab a22001935a 4500
001 L154203
008 111031e20111028xxk 000 0 eng d
035 _a(Sirsi) u154203
041 0 _aeng
100 1 _aDonnell, Richard
245 0 0 _aMarkets
_bresidential
260 _c2011
490 0 _aProperty Week
_v77(43) 28 October 2011, 44-46(3)
520 _aMoribund mortgage market bolsters private sector rental market as demand and rents continue to rise. Notes regional differences in rents as London rental growth outstrips the rest of the UK.
590 _aKA
651 4 _aUnited Kingdom
_y
690 _aPROPERTY-RESIDENTIAL PROPERTY-RESIDENTIAL PROPERTY MARKET
942 _n0
999 _c83532
_d83532